Устойчивость объектов экономики в чрезвычайных ситуациях: практикум

Bibliografiske detaljer
Institution som forfatter: Томский политехнический университет Юргинский технологический институт (570)
Andre forfattere: Мальчик А. Г. Александра Геннадьевна
Summary:Заглавие с титульного экрана
В практикуме изложены теоретические основы устойчивости объектов экономики к воздействию поражающих факторов природного и техногенного характера; рассмотрены методики расчета зон поражения и критериев устойчивости объектов экономики. В каждой практической работе приведены основные понятия и определения, расчетные формулы, задания для индивидуальной работы и алгоритмы их выполнения. Предназначен для студентов, обучающихся по направлению 20.03.01 «Техносферная безопасность»
AM_TPU_network
Sprog:russisk
Udgivet: Томск, Изд-во ТПУ, 2024
Fag:
Online adgang:https://www.lib.tpu.ru/fulltext2/m/2024/m27.pdf
Format: Electronisk Bog
KOHA link:https://koha.lib.tpu.ru/cgi-bin/koha/opac-detail.pl?biblionumber=676695

MARC

LEADER 00000nam0a2200000 4500
001 676695
005 20260127130411.0
010 |a 978-5-4387-1213-8 
090 |a 676695 
100 |a 20241118d2024 m||y0rusy50 ca 
101 0 |a rus 
102 |a RU 
105 |a a j 001yy 
135 |a drcn ---uucaa 
181 0 |a i   |b  e  
182 0 |a b 
183 0 |a cr  |2 RDAcarrier 
200 1 |a Устойчивость объектов экономики в чрезвычайных ситуациях  |e практикум  |f Национальный исследовательский Томский политехнический университет, Юргинский технологический институт; сост. А. Г. Мальчик 
203 |a Текст  |c электронный  |b визуальный 
210 |a Томск  |d 2024  |c Изд-во ТПУ 
215 |a 1 файл (1,8 MB, 84 с.) 
283 |a online_resource  |2 RDAcarrier 
300 |a Заглавие с титульного экрана 
320 |a Список литературы: с. 83 (8 назв.) 
330 |a В практикуме изложены теоретические основы устойчивости объектов экономики к воздействию поражающих факторов природного и техногенного характера; рассмотрены методики расчета зон поражения и критериев устойчивости объектов экономики. В каждой практической работе приведены основные понятия и определения, расчетные формулы, задания для индивидуальной работы и алгоритмы их выполнения. Предназначен для студентов, обучающихся по направлению 20.03.01 «Техносферная безопасность» 
371 0 |a AM_TPU_network 
606 |a Чрезвычайные ситуации  |9 58373 
606 |a Экономическая безопасность  |9 58393 
610 1 |a устойчивость 
610 1 |a поражающие факторы 
610 1 |a методики расчета 
610 1 |a критерии устойчивости 
610 1 |a объекты экономики 
610 1 |a практические работы 
610 1 |a электронный ресурс 
610 1 |a учебные пособия 
675 |a 614.8  |v 4 
686 |2 rubbk  |a У9(2)0-98 
702 1 |a Мальчик  |b А. Г.  |c специалист в области экологии и безопасности жизнедеятельности  |c доцент Юргинского технологического института Томского политехнического университета, кандидат технических наук  |f 1970-  |g Александра Геннадьевна  |9 15471 
712 0 2 |a Томский политехнический университет  |b Юргинский технологический институт  |c (2003-2009)  |9 25408  |4 570 
801 0 |a RU  |b 63413507  |c 20240926  |g RCR 
856 4 0 |u https://www.lib.tpu.ru/fulltext2/m/2024/m27.pdf  |z https://www.lib.tpu.ru/fulltext2/m/2024/m27.pdf 
942 |c CF